Роль чистой химии в деле исследования Сибири; Труды съезда по организации исследования Сибири; Ч. 2

Bibliografiske detaljer
Parent link:Труды съезда по организации исследования Сибири
Ч. 2.— 1919.— С. 63-66
Hovedforfatter: Михайленко Я. И.
Sprog:russisk
Udgivet: 1919
Fag:
Format: MixedMaterials Book Chapter
KOHA link:https://koha.lib.tpu.ru/cgi-bin/koha/opac-detail.pl?biblionumber=591368

MARC

LEADER 00000naa0a2200000 4500
001 591368
005 20250108123408.0
035 |a (RuTPU)RU\TPU\tpu\1575 
035 |a TPU00001575 
090 |a 591368 
100 |a 20011210d1919 k||y0rusy50 ca 
101 0 |a rus 
102 |a RU 
200 1 |a Роль чистой химии в деле исследования Сибири  |f Я. И. Михайленко 
461 |t Труды съезда по организации исследования Сибири 
463 |t Ч. 2  |v С. 63-66  |d 1919 
610 1 |a химические науки 
610 1 |a труды учёных ТПУ 
700 1 |a Михайленко  |b Я. И. 
801 0 |a RU  |b 63413507  |c 20011210  |g PSBO 
801 2 |a RU  |b 63413507  |c 20060112  |g PSBO 
942 |c BK